[Event "BUL-chT 64th"]
[Site "Sunny Beach"]
[Date "2015.06.05"]
[Round "6.2"]
[White "Tonchev, Miroslav"]
[Black "Lalev, Dimitar"]
[Result "1/2-1/2"]
[WhiteElo "2272"]
[BlackElo "2370"]
[PlyCount "73"]
[EventDate "2015.05.31"]
[EventType "team-tourn"]
[EventRounds "7"]
[EventCountry "BUL"]
[SourceTitle "CBM 166 Extra"]
[Source "ChessBase"]
[SourceDate "2015.06.18"]
[SourceVersion "1"]
[SourceVersionDate "2015.06.18"]
[SourceQuality "1"]
[WhiteTeam "Dobrich Energiya 21"]
[BlackTeam "Sofia Lokomotiv"]
[WhiteTeamCountry "BUL"]
[BlackTeamCountry "BUL"]

1. Nf3 c5 2. c4 g6 3. d4 Bg7 4. d5 f5 5. e4 fxe4 6. Ng5 Nf6 7. Nc3 d6 8. Be2 Bf5 9. g4 Bd7 10. h3 Na6 11. f3 exf3 12. Bxf3 Nc7 13. a4 a6 14. a5 Rb8 15. Qe2 b5 16. axb6 Rxb6 17. 0-0 0-0 18. Ne6 Bxe6 19. dxe6 d5 20. cxd5 Nfxd5 21. Nxd5 Nxd5 22. Rxa6 Nf4 23. Bxf4 Rxa6 24. Qxa6 Rxf4 25. b3 Qd4+ 26. Kg2 Qe3 27. Bd1 Qe4+ 28. Rf3 Bd4 29. Qe2 Qd5 30. Bc2 Rxf3 31. Qxf3 Qxe6 32. Be4 Kg7 33. Bd5 Qe1 34. Qf7+ Kh6 35. Qf4+ g5 36. Qf8+ Bg7 37. Qf7 1/2-1/2

[Event "BUL-chT 64th"]
[Site "Sunny Beach"]
[Date "2015.06.04"]
[Round "5.4"]
[White "Kozhuharov, Spas"]
[Black "Tonchev, Miroslav"]
[Result "1-0"]
[WhiteElo "2450"]
[BlackElo "2272"]
[PlyCount "43"]
[EventDate "2015.05.31"]
[EventType "team-tourn"]
[EventRounds "7"]
[EventCountry "BUL"]
[SourceTitle "CBM 166 Extra"]
[Source "ChessBase"]
[SourceDate "2015.06.18"]
[SourceVersion "1"]
[SourceVersionDate "2015.06.18"]
[SourceQuality "1"]
[WhiteTeam "Radnevo Maritsa Iztok"]
[BlackTeam "Dobrich Energiya 21"]
[WhiteTeamCountry "BUL"]
[BlackTeamCountry "BUL"]

1. d4 Nf6 2. c4 d6 3. Nf3 g6 4. Nc3 Bf5 5. Qb3 b6 6. Ng5 h6 7. e4 Bg4 8. Nf3 Bxf3 9. gxf3 Bg7 10. f4 Nfd7 11. Be3 c5 12. d5 0-0 13. h4 Nf6 14. Be2 Nh7 15. 0-0-0 Kh8 16. Rdg1 Rg8 17. Qc2 Nd7 18. Qd2 Bf6 19. f5 gxf5 20. Bxh6 Ne5 21. exf5 Qc7 22. Ne4 1-0

[Event "BUL-chT 64th"]
[Site "Sunny Beach"]
[Date "2015.06.02"]
[Round "3.4"]
[White "Tonchev, Miroslav"]
[Black "Marholev, Dimitar"]
[Result "1/2-1/2"]
[WhiteElo "2272"]
[BlackElo "2325"]
[PlyCount "60"]
[EventDate "2015.05.31"]
[EventType "team-tourn"]
[EventRounds "7"]
[EventCountry "BUL"]
[SourceTitle "CBM 166 Extra"]
[Source "ChessBase"]
[SourceDate "2015.06.18"]
[SourceVersion "1"]
[SourceVersionDate "2015.06.18"]
[SourceQuality "1"]
[WhiteTeam "Dobrich Energiya 21"]
[BlackTeam "Dupnitsa Marek Union"]
[WhiteTeamCountry "BUL"]
[BlackTeamCountry "BUL"]

1. Nf3 Nf6 2. g3 g6 3. Bg2 Bg7 4. 0-0 0-0 5. c4 d5 6. cxd5 Nxd5 7. d4 Nb6 8. Nc3 Nc6 9. d5 Na5 10. Nd4 Bd7 11. e4 c6 12. b3 Rc8 13. Bb2 Re8 14. Rc1 c5 15. Nde2 e6 16. h3 exd5 17. exd5 h5 18. Ba1 Bf5 19. Qd2 Nc6 20. Rfd1 Ne5 21. Nf4 Qd7 22. Nce2 c4 23. Nd4 Bd3 24. Qa5 cxb3 25. axb3 Rxc1 26. Rxc1 Ba6 27. Nf3 Nxf3+ 28. Bxf3 Rc8 29. Re1 Qb5 30. Qxb5 Bxb5 1/2-1/2

[Event "BUL-chT2"]
[Site "Albena"]
[Date "2011.06.07"]
[Round "8.3"]
[White "Vlashki, Nino"]
[Black "Tonchev, Miroslav"]
[Result "0-1"]
[WhiteElo "2243"]
[BlackElo "2274"]
[PlyCount "66"]
[EventDate "2011.06.02"]
[EventType "team-tourn"]
[EventRounds "9"]
[EventCountry "BUL"]
[SourceTitle "CBM 142 Extra"]
[Source "ChessBase"]
[SourceDate "2011.06.27"]
[SourceVersion "1"]
[SourceVersionDate "2011.06.27"]
[SourceQuality "1"]
[WhiteTeam "Blagoevgrad Victory"]
[BlackTeam "Shumen 2005"]
[WhiteTeamCountry "BUL"]
[BlackTeamCountry "BUL"]

1. d4 Nf6 2. c4 d6 3. Nc3 Bf5 4. Nf3 g6 5. Bg5 Bg7 6. Nd2 h6 7. Bh4 g5 8. Bg3 Nh5 9. e3 Nxg3 10. hxg3 c5 11. Nb3 Nd7 12. Bd3 Bxd3 13. Qxd3 Rc8 14. d5 a6 15. Nd2 Ne5 16. Qc2 Qd7 17. a4 f5 18. 0-0-0 Ng4 19. Nf1 Rf8 20. Rd2 Bxc3 21. bxc3 b5 22. axb5 axb5 23. cxb5 Qxb5 24. Qb2 Qc4 25. f3 Ne5 26. Qb7 Rd8 27. Kd1 Kf7 28. Qb1 Kg7 29. g4 Rb8 30. Qc2 Ra8 31. Ke1 fxg4 32. e4 Ra1+ 33. Kf2 Nxf3 0-1

[Event "BUL-chT2"]
[Site "Albena"]
[Date "2011.06.05"]
[Round "6.4"]
[White "Tonchev, Miroslav"]
[Black "Kamenov, Gerasim"]
[Result "1-0"]
[WhiteElo "2274"]
[BlackElo "2124"]
[PlyCount "51"]
[EventDate "2011.06.02"]
[EventType "team-tourn"]
[EventRounds "9"]
[EventCountry "BUL"]
[SourceTitle "CBM 142 Extra"]
[Source "ChessBase"]
[SourceDate "2011.06.27"]
[SourceVersion "1"]
[SourceVersionDate "2011.06.27"]
[SourceQuality "1"]
[WhiteTeam "Shumen 2005"]
[BlackTeam "Sofia Slavia"]
[WhiteTeamCountry "BUL"]
[BlackTeamCountry "BUL"]

1. e4 d5 2. Nc3 dxe4 3. Nxe4 Nf6 4. Nxf6+ exf6 5. d4 Bd6 6. Qe2+ Qe7 7. Qxe7+ Bxe7 8. Bf4 c6 9. 0-0-0 Nd7 10. c4 Nb6 11. b3 Ba3+ 12. Kc2 Bf5+ 13. Bd3 Bxd3+ 14. Rxd3 0-0-0 15. Nf3 Rhe8 16. Re1 Rxe1 17. Nxe1 Re8 18. Re3 Rxe3 19. fxe3 h6 20. h3 g6 21. Nd3 Be7 22. a4 Kd7 23. Kc3 Nc8 24. b4 Bd6 25. d5 cxd5 26. c5 1-0

[Event "BUL-chT2"]
[Site "Albena"]
[Date "2011.06.05"]
[Round "5.2"]
[White "Vasilev, Vergil"]
[Black "Tonchev, Miroslav"]
[Result "1/2-1/2"]
[WhiteElo "2005"]
[BlackElo "2274"]
[PlyCount "102"]
[EventDate "2011.06.02"]
[EventType "team-tourn"]
[EventRounds "9"]
[EventCountry "BUL"]
[SourceTitle "CBM 142 Extra"]
[Source "ChessBase"]
[SourceDate "2011.06.27"]
[SourceVersion "1"]
[SourceVersionDate "2011.06.27"]
[SourceQuality "1"]
[WhiteTeam "Lovech"]
[BlackTeam "Shumen 2005"]
[WhiteTeamCountry "BUL"]
[BlackTeamCountry "BUL"]

1. d4 Nf6 2. Nf3 d6 3. e3 g6 4. Bd3 Bg7 5. 0-0 0-0 6. c4 Bg4 7. h3 Bxf3 8. Qxf3 Nc6 9. Bd2 Nd7 10. Bc3 f5 11. d5 Nce5 12. Qe2 Nxd3 13. Qxd3 Nc5 14. Qc2 e5 15. dxe6 Nxe6 16. Nd2 Qe7 17. Bxg7 Qxg7 18. b3 Rae8 19. Rae1 Re7 20. Qd3 Nc5 21. Qd5+ Qf7 22. Qxf7+ Kxf7 23. Rd1 Ke6 24. Nb1 a5 25. Nc3 c6 26. Rd2 Kd7 27. Rfd1 Rf6 28. Rd4 Kc7 29. R4d2 g5 30. g3 Ree6 31. Kf1 Ne4 32. Nxe4 fxe4 33. Rd4 Kb6 34. a3 Kc5 35. Rc1 h5 36. Rcd1 Rf3 37. Kg2 Rf7 38. R1d2 Rd7 39. Kf1 Rde7 40. Kg2 Rd7 41. Kf1 h4 42. g4 b5 43. Rc2 b4 44. a4 Ree7 45. Ke2 Kb6 46. Rcd2 Kc7 47. Rd1 Re5 48. R1d2 Ree7 49. Rd1 Re8 50. R1d2 Re6 51. Rd1 Rf7 1/2-1/2

[Event "BUL-chT-B 60th"]
[Site "Albena"]
[Date "2010.06.01"]
[Round "8.4"]
[White "Tonchev, Miroslav"]
[Black "Tetimov, Ivan"]
[Result "1-0"]
[WhiteElo "2272"]
[BlackElo "1974"]
[PlyCount "105"]
[EventDate "2010.05.27"]
[EventType "team-tourn"]
[EventRounds "9"]
[EventCountry "BUL"]
[SourceTitle "CBM 136 Extra"]
[Source "ChessBase"]
[SourceDate "2010.07.02"]
[SourceVersion "2"]
[SourceVersionDate "2010.07.15"]
[SourceQuality "1"]
[WhiteTeam "Dobrich Albena"]
[BlackTeam "Blagoevgrad Victory"]
[WhiteTeamCountry "BUL"]
[BlackTeamCountry "BUL"]

1. Nf3 Nf6 2. g3 b6 3. Bg2 e6 4. 0-0 Be7 5. d3 d5 6. Nbd2 Bb7 7. c4 0-0 8. b3 c5 9. Bb2 Nc6 10. Ne5 Nxe5 11. Bxe5 Bd6 12. Bb2 Rb8 13. Qc2 e5 14. a3 Qe7 15. cxd5 Nxd5 16. Rac1 Rfe8 17. Nc4 Nc7 18. e3 Bxg2 19. Kxg2 Qe6 20. Kg1 Qd5 21. e4 Qe6 22. f4 exf4 23. gxf4 Bf8 24. f5 Qh6 25. Rce1 Nb5 26. a4 Nd4 27. Bxd4 cxd4 28. e5 a6 29. Qg2 b5 30. e6 fxe6 31. f6 Kh8 32. Ne5 Qh5 33. Nd7 gxf6 34. Nxf6 Qg6 35. Qxg6 hxg6 36. Nxe8 Rxe8 37. axb5 axb5 38. Rf7 Bh6 39. Re5 b4 40. Kg2 Bg7 41. Rb5 Kg8 42. Rd7 e5 43. Kf3 Rf8+ 44. Ke2 Ra8 45. Rxb4 Ra2+ 46. Kf3 Rxh2 47. Rb8+ Kh7 48. Rbb7 Rd2 49. Rxg7+ Kh6 50. Ke4 Re2+ 51. Kd5 Rd2 52. Rgd7 Rxd3 53. Kxe5 1-0

[Event "BUL-chT-B 60th"]
[Site "Albena"]
[Date "2010.05.28"]
[Round "3.5"]
[White "Kamenov, Gerasim"]
[Black "Tonchev, Miroslav"]
[Result "0-1"]
[WhiteElo "2131"]
[BlackElo "2272"]
[PlyCount "107"]
[EventDate "2010.05.27"]
[EventType "team-tourn"]
[EventRounds "9"]
[EventCountry "BUL"]
[SourceTitle "CBM 136 Extra"]
[Source "ChessBase"]
[SourceDate "2010.07.02"]
[SourceVersion "2"]
[SourceVersionDate "2010.07.15"]
[SourceQuality "1"]
[WhiteTeam "Sofia Slavia"]
[BlackTeam "Dobrich Albena"]
[WhiteTeamCountry "BUL"]
[BlackTeamCountry "BUL"]

1. Nf3 Nf6 2. d4 d6 3. g3 Bf5 4. Bg2 Qc8 5. 0-0 g6 6. b3 Bg7 7. Bb2 0-0 8. c4 Re8 9. Nc3 Ne4 10. Rc1 Nxc3 11. Bxc3 Bh3 12. d5 Bxg2 13. Kxg2 c5 14. dxc6 Nxc6 15. Bxg7 Kxg7 16. Qd2 Qf5 17. Rfd1 Rac8 18. Qe3 b6 19. Rd5 Qf6 20. Rcd1 Qe6 21. Qd2 f6 22. h4 Ne5 23. Qe3 Qf7 24. Nh2 f5 25. f4 Nd7 26. Nf3 Nf6 27. R5d3 h6 28. Qd4 Kh7 29. Rh1 Qg7 30. Re3 Kg8 31. Rd1 Ng4 32. Qxg7+ Kxg7 33. Red3 Kf7 34. Nh2 Nf6 35. Nf3 a6 36. Nd2 b5 37. Kf3 Ke6 38. cxb5 axb5 39. e4 Ra8 40. Re1 Kd7 41. e5 Ng4 42. exd6 e5 43. Rd5 e4+ 44. Nxe4 Rxa2 45. Nf6+ Nxf6 46. Rxe8 Nxe8 47. Rxb5 Nxd6 48. Re5 Rb2 49. Re3 h5 50. Rd3 Ke6 51. Ke3 Ne4 52. Kd4 Rd2 53. Rxd2 Nxd2 54. b4 0-1

[Event "BUL-chT2"]
[Site "Sunny Beach"]
[Date "2009.06.10"]
[Round "3.1"]
[White "Badev, Kiril"]
[Black "Tonchev, Miroslav"]
[Result "1-0"]
[WhiteElo "2320"]
[BlackElo "2271"]
[PlyCount "82"]
[EventDate "2009.06.08"]
[EventType "team-swiss"]
[EventRounds "7"]
[EventCountry "BUL"]
[SourceTitle "CBM 130 Extra"]
[Source "ChessBase"]
[SourceDate "2009.07.02"]
[SourceVersion "2"]
[SourceVersionDate "2009.07.15"]
[SourceQuality "1"]

1. e4 c5 2. Nf3 e6 3. d4 cxd4 4. Nxd4 a6 5. c4 Nf6 6. Nc3 Bb4 7. Qc2 Qc7 8. a3 Bxc3+ 9. Qxc3 d6 10. Bd3 Nbd7 11. 0-0 Nc5 12. Re1 e5 13. Nf5 Bxf5 14. exf5 Rc8 15. Bg5 h6 16. Bxf6 gxf6 17. Bf1 a5 18. b4 Na6 19. Rad1 Ke7 20. Rd5 axb4 21. axb4 Qc6 22. Qd2 Nc7 23. b5 Qd7 24. Rd3 b6 25. Qe3 Rb8 26. Red1 Rhd8 27. Qe4 Ne8 28. g4 Qb7 29. Qe2 Qc7 30. Rh3 d5 31. cxd5 Nd6 32. Rxh6 Rg8 33. Rh5 Qc3 34. Rh3 Qb4 35. Rg3 Rbc8 36. Ra1 Rc7 37. g5 fxg5 38. Qxe5+ Kd7 39. f6 g4 40. Qe7+ Kc8 41. Ra8+ Kb7 1-0

[Event "Pula op"]
[Site "Pula"]
[Date "1990.??.??"]
[Round "8"]
[White "Tonchev, Miroslav"]
[Black "Danchevski, Orce"]
[Result "0-1"]
[WhiteElo "2260"]
[BlackElo "2295"]
[PlyCount "110"]
[EventDate "1990.??.??"]
[EventType "swiss"]
[EventRounds "9"]
[EventCountry "YUG"]
[SourceTitle "EXT 2000"]
[Source "ChessBase"]
[SourceDate "1999.11.16"]
[SourceVersion "1"]
[SourceVersionDate "1999.11.16"]
[SourceQuality "1"]

1. e4 c5 2. Nc3 a6 3. g3 b5 4. Bg2 Bb7 5. Nge2 g6 6. d4 cxd4 7. Nxd4 Bg7 8. 0-0 Nc6 9. Nxc6 Bxc6 10. Re1 Qc7 11. Nd5 Qb7 12. Nb4 Rd8 13. Qe2 e6 14. Nxc6 dxc6 15. c3 Nf6 16. Be3 0-0 17. a4 e5 18. f3 Ra8 19. Red1 Rfd8 20. axb5 cxb5 21. Rxd8+ Rxd8 22. Rd1 Rxd1+ 23. Qxd1 Qc7 24. Qd3 Bf8 25. b4 Nd7 26. Bg5 Nb6 27. Be3 Na4 28. Bd2 Qb6+ 29. Be3 Qc7 30. Bd2 Qb6+ 31. Kh1 Nb2 32. Qe2 Nc4 33. Be1 a5 34. bxa5 Qxa5 35. h4 Bh6 36. Kh2 Qa1 37. Bh3 Qa7 38. Bg4 Kf8 39. Bh3 Ke7 40. Bf2 Be3 41. Bxe3 Qxe3 42. Qc2 Qd2+ 43. Qxd2 Nxd2 44. Kg2 h6 45. Kf2 Nb1 46. Ke3 Nxc3 47. Bf1 Kd6 48. Kd3 Na4 49. Bh3 f6 50. h5 g5 51. Bf5 Kc5 52. Be6 Kb4 53. Kc2 Ka3 54. Bd5 b4 55. Bg8 Nc5 0-1

[Event "Wroclaw-A"]
[Site "Wroclaw"]
[Date "1980.05.31"]
[Round "8"]
[White "Tonchev, Miroslav"]
[Black "Skrobek, Ryszard"]
[Result "1-0"]
[WhiteElo "2460"]
[BlackElo "2350"]
[PlyCount "107"]
[EventDate "1980.05.23"]
[EventType "tourn"]
[EventRounds "13"]
[EventCountry "POL"]
[EventCategory "5"]
[SourceTitle "EXT 1998"]
[Source "ChessBase"]
[SourceDate "1997.11.17"]
[SourceVersion "1"]
[SourceVersionDate "1997.11.17"]
[SourceQuality "1"]

1. e4 c5 2. Ne2 Nc6 3. Nbc3 g6 4. d4 cxd4 5. Nxd4 Bg7 6. Nde2 Nf6 7. g3 b6 8. Bg2 Bb7 9. 0-0 0-0 10. Nd5 Nxd5 11. exd5 Ne5 12. Rb1 Rc8 13. b3 b5 14. Bb2 Qb6 15. Bd4 Qa6 16. h3 d6 17. c3 Rc7 18. Ra1 Qa3 19. Qd2 a5 20. Rac1 Nd7 21. Bxg7 Kxg7 22. Nd4 Qc5 23. c4 b4 24. Rce1 Nf6 25. Re2 Bc8 26. Rfe1 Ng8 27. Qb2 f6 28. Kh2 Kf7 29. Qd2 Bd7 30. g4 Ra7 31. f4 a4 32. f5 g5 33. h4 gxh4 34. g5 Ke8 35. g6 hxg6 36. fxg6 Kd8 37. Re4 Ra8 38. g7 Rf7 39. Bh3 axb3 40. axb3 f5 41. Rxh4 Rxg7 42. Bxf5 Bxf5 43. Nxf5 Rf7 44. Nd4 Kc8 45. Rg1 Nf6 46. Rh8+ Kb7 47. Rxa8 Rh7+ 48. Kg2 Rg7+ 49. Kf3 Rxg1 50. Qa2 Qb6 51. Qa4 Rf1+ 52. Ke2 Rf2+ 53. Ke1 Rc2 54. Rf8 1-0

[Event "Wroclaw-A"]
[Site "Wroclaw"]
[Date "1980.05.27"]
[Round "4"]
[White "Danner, Georg"]
[Black "Tonchev, Miroslav"]
[Result "1-0"]
[WhiteElo "2345"]
[BlackElo "2460"]
[PlyCount "85"]
[EventDate "1980.05.23"]
[EventType "tourn"]
[EventRounds "13"]
[EventCountry "POL"]
[EventCategory "5"]
[SourceTitle "EXT 1998"]
[Source "ChessBase"]
[SourceDate "1997.11.17"]
[SourceVersion "1"]
[SourceVersionDate "1997.11.17"]
[SourceQuality "1"]

1. d4 Nf6 2. c4 e5 3. dxe5 Ng4 4. e4 Nxe5 5. f4 Ng6 6. a3 Bc5 7. Nf3 Qe7 8. b4 Qxe4+ 9. Be2 Bd6 10. Nc3 Qe7 11. Qd4 Nc6 12. Qxg7 f5 13. Qxe7+ Ncxe7 14. Nb5 a6 15. Nxd6+ cxd6 16. Kf2 d5 17. cxd5 Nxd5 18. Bb2 Rf8 19. g3 Nf6 20. Bd3 d5 21. Rac1 Ne4+ 22. Ke3 Rf7 23. Rhd1 Re7 24. Ne5 Nxe5 25. Bxe5 Be6 26. Be2 Bf7 27. Kd4 Nd6 28. Bd3 Ne4 29. Rc2 Be6 30. Rdc1 Rd8 31. Be2 Bd7 32. Rc7 Be6 33. b5 Nd2 34. Rxe7+ Kxe7 35. Rc7+ Rd7 36. Rxd7+ Kxd7 37. bxa6 bxa6 38. Bxa6 Kc6 39. Bf6 Nf3+ 40. Ke3 Nxh2 41. Be7 Ng4+ 42. Kd4 Nf2 43. a4 1-0

[Event "Wroclaw-A"]
[Site "Wroclaw"]
[Date "1980.05.24"]
[Round "2"]
[White "Lukin, Andrei M"]
[Black "Tonchev, Miroslav"]
[Result "1-0"]
[WhiteElo "2480"]
[BlackElo "2460"]
[PlyCount "61"]
[EventDate "1980.05.23"]
[EventType "tourn"]
[EventRounds "13"]
[EventCountry "POL"]
[EventCategory "5"]
[SourceTitle "EXT 1998"]
[Source "ChessBase"]
[SourceDate "1997.11.17"]
[SourceVersion "1"]
[SourceVersionDate "1997.11.17"]
[SourceQuality "1"]

1. e4 c5 2. Nc3 d6 3. f4 a6 4. Nf3 e6 5. d4 cxd4 6. Nxd4 Qc7 7. Be2 Nf6 8. 0-0 Be7 9. Qe1 Nbd7 10. Bf3 h5 11. Kh1 h4 12. Be3 g6 13. Rd1 e5 14. fxe5 dxe5 15. Nb3 Nb6 16. Qf2 Nc4 17. Bg5 Be6 18. Bxf6 Bxf6 19. Bg4 Bg5 20. Bxe6 fxe6 21. Nc5 Qe7 22. Rd7 Qxd7 23. Nxd7 Kxd7 24. Qf7+ Kc6 25. Rd1 Nd2 26. Nd5 exd5 27. Qxd5+ Kc7 28. Qxe5+ Kb6 29. Qxg5 Nc4 30. Qf6+ Ka7 31. Qf2+ 1-0